| LEADER | 00768nam a2200217 u 4500 | ||
|---|---|---|---|
| 001 | 10011419 | ||
| 003 | upatras | ||
| 005 | 20210117204358.0 | ||
| 008 | 881025s1982 us eng | ||
| 040 | |a GR-PaULI |c GR-PaULI | ||
| 041 | 0 | |a eng | |
| 082 | 0 | 4 | |a 291.43 |
| 100 | 1 | |a Hobe, Phyllis |9 117700 | |
| 245 | 1 | 0 | |a The guideposts handbook of prayer |c Phyllis Hobe |
| 260 | |a New York |c 1982 | ||
| 300 | |a 254 p. |c 24 cm | ||
| 650 | 4 | |a Θρησκεία |x Προσευχές |9 117988 | |
| 852 | |a GR-PaULI |b ΠΑΤΡΑ |b ΒΚΠ |b ΒΣ2 |k ΔΩΡΕΕΣ |h Κ 291.43 Η |m 28368 |p 025000064343 |t 1 | ||
| 942 | |2 ddc | ||
| 952 | |0 0 |1 0 |4 0 |6 Κ_291_430000000000000_Η |7 0 |9 144141 |a LISP |b LISP |c BSC |d 2016-04-24 |i 28368 |l 0 |o Κ 291.43 Η |p 025000064343 |r 2016-04-24 00:00:00 |t 1 |w 2016-04-24 | ||
| 999 | |c 93824 |d 93824 | ||